Skip to content
VuFind
語言
English
Deutsch
Español
Français
Italiano
日本語
Nederlands
Português
Português (Brasil)
中文(简体)
中文(繁體)
Türkçe
עברית
Gaeilge
Cymraeg
Ελληνικά
Català
Euskara
Русский
Čeština
Suomi
Svenska
polski
Dansk
slovenščina
اللغة العربية
বাংলা
Galego
Tiếng Việt
Hrvatski
हिंदी
全文檢索
題名
作者
主題
索引號
ISBN/ISSN
標簽
檢索
高級檢索
Reset Filters
主題建議:
DOCTORAL DISSERTATION
Reset Filters
Show filters (1)
主題建議:
DOCTORAL DISSERTATION
檢索
Bharateeya jayanthiyan evam di...
引用
推薦此
打印
導出紀錄
導出到 RefWorks
導出到 EndNoteWeb
導出到 EndNote
permanent_link
載入...
Bharateeya jayanthiyan evam divas
持有資料
實物特徵
相似書籍
職員瀏覽
LEADER
00172 a2200097 4500
020
260
942
|c
BK
|6
_
245
|a
Bharateeya jayanthiyan evam divas
100
999
|c
66593
|d
66593
相似書籍
Corporate Divas
由: Golani, Sonia
出版: (2011)
anyunamaya diva vishwasam
由: koyakkutty farooqi
Divas ave jayanthiyam/
由: Pyarelal Sharma
出版: (2011)
Arogyathinte diva shastram
由: Abdul Hameed, Cheriyamundam
出版: (2018)
Matti ka diva
由: Gurdayal Singh
出版: (2011)
載入...